Online
Catalog

María Nieves Sicart en la ciudad de Ovando / (Record no. 47470)

MARC details
000 -CABECERA
campo de control de longitud fija 00737nam a2200217 a 4500
001 - NÚMERO DE CONTROL
campo de control 000047982
005 - FECHA Y HORA DE LA ÚLTIMA TRANSACCIÓN
campo de control 20241030141145.0
008 - DATOS DE LONGITUD FIJA--INFORMACIÓN GENERAL
campo de control de longitud fija 181009s2007 dr a r 000 0 spa d
020 ## - NÚMERO INTERNACIONAL ESTÁNDAR DEL LIBRO
Número Internacional Estándar del Libro 9789993481386
040 ## - FUENTE DE LA CATALOGACIÓN
Centro catalogador/agencia de origen DO-SdBNP
Lengua de catalogación spa
Centro/agencia transcriptor BNPHU
082 ## - NÚMERO DE LA CLASIFICACIÓN DECIMAL DEWEY
Número de clasificación xxxx
Número de documento/Ítem U26m
100 1# - ENTRADA PRINCIPAL--NOMBRE DE PERSONA
Nombre de persona Ugarte, María
Fechas asociadas al nombre 1914-2011
9 (RLIN) 24078
245 10 - MENCIÓN DE TÍTULO
Título María Nieves Sicart en la ciudad de Ovando /
Mención de responsabilidad, etc. María Ugarte ; investigación Monserrat Prats García.
260 ## - PUBLICACIÓN, DISTRIBUCIÓN, ETC.
Lugar de publicación, distribución, etc. Santo Domingo :
Nombre del editor, distribuidor, etc. Fundación García Arévalo,
Fecha de publicación, distribución, etc. 2007.
300 ## - DESCRIPCIÓN FÍSICA
Extensión 234 p. :
Otras características físicas il. ;
Dimensiones 23 cm.
490 1# - MENCIÓN DE SERIE
Mención de serie Monografía
Designación de volumen o secuencia 31
504 ## - NOTA DE BIBLIOGRAFÍA, ETC.
Nota de bibliografía, etc. Bibliografía : p. 231-234
590 ## - NOTA LOCAL (RLIN)
Nota local Inventariado, 2018/BT
700 1# - PUNTO DE ACCESO ADICIONAL--NOMBRE DE PERSONA
Nombre de persona Prats García, Monserrat,
Término indicativo de función/relación inv.
9 (RLIN) 75497
830 #0 - PUNTO DE ACCESO ADICIONAL DE SERIE-TÍTULO UNIFORME
Título uniforme Monografía
Número de parte o sección de la obra 31
9 (RLIN) 75498
Holdings
Estado de retiro Estado de pérdida No para préstamo Código de colección Localización permanente Ubicación/localización actual Ubicación en estantería Fecha de adquisición Número de inventario Total de préstamos Signatura topográfica completa Código de barras Fecha visto por última vez Precio válido a partir de Tipo de ítem Koha
    Excluido de préstamo Patrimonio Dominicano Patrimonio Dominicano Patrimonio Dominicano Depósito 09.10.2018 LF1   xxxx U26m 47982-10 25.06.2020 25.06.2020 Libro y Folleto Colección Patrimonio Dominicano

Powered by Koha